Cultural Music to Country - Statistics

General Stats
  • This quiz has been taken 32 times
    16 since last reset
  • The average score is 8 of 15
Answer Stats
Hint Answer % Correct
Mariachi Mexico
100%
Flamenco Spain
100%
Samba Brazil
85%
Polka Poland
85%
Tango Argentina
77%
Salsa Cuba
69%
Tarantella Italy
69%
Waltz Austria
62%
Bhangra India
54%
Merengue Dominican Republic
38%
Gagaku Japan
38%
Konpa Haiti
15%
Gamelan Indonesia
15%
Koroso Nigeria
15%
Valle Albania
0%
No matching quizzes found
Score Distribution
Percent of People with Each Score
Percentile by Number Answered
Your Score History
You have not taken this quiz since the last reset